000
00453 a2200133 4500
000
nam a22 7a 4500
005
20251231112728.0
020
_a
9788126340866
100
_a
मोहन, नरेन्द्र
_9
860577
245
_a
विभाजन: भारतीय भाषाओं की कहानियाँ
250
_a
2 संस्करण
260
_b
भारतीय ज्ञानपीठ
_c
2012
942
_c
TB
999
_c
1466660
_d
1466660